000 01140nam a2200301 a 4500
005 2009091202572.0
008 980312s1997 paua b 000 1 eng
010 _aB-358107
020 _a9788126417650
_c60.00
035 _aB-358107
037 _bDBAD / PUB
040 _adpl
_bEnglish
082 _aS
100 _aChandy, Luiza
245 _aAndersen's the little mermaid /
_cretold by Luiza Chandy; illustrated by Raghu G.
246 _aLittle mermaid
260 _aKerala
_bDC Books
_c2008
270 _aDC Kizhakemuri Edam, Good Shepherd Street, Kottayam
_bKerala
_e686001
300 _a29p. :
_bcol. ill. ;
_c22cm(pbk)
520 _aA little sea princess, longing to be human, trades her mermaid's tail for legs, hoping to win the heart of the prince she loves.
650 _aMiniature books
_xSpecimens.
650 _aFairy tales.
650 _aMermaids
_xFiction.
650 _aMiniature books.
700 _aRaghu G.
942 _2ddc
_cCH
_hS
_mCHA
999 _c30300
_d30300